Manipulace s poškozeným oběživem a řešení náhrady

Štandardne a neštandardne poškodené obeživo - vysvetlenie pojmov. Postup pri výmene poškodených bankoviek podľa Českej národnej banky (ČNB). Novo vydaný zákon o ČNB č. 136/2011 Sb. a vyhláška ČNB č. 274/2011 Sb. o poskytnutí náhrady za poškodené obeživo.

Salvato in:
Dettagli Bibliografici
Autore principale: Sinecký, Pavel
Natura: Capitolo di libro
Lingua:ceco
Soggetti:
Tags: Aggiungi Tag
Nessun Tag, puoi essere il primo ad aggiungerne!!

MARC

LEADER 00000naa a2200000 4500
001 0215181
005 20221104110511.4
041 0 |a cze 
044 |a CZ 
245 1 0 |a Manipulace s poškozeným oběživem a řešení náhrady  |c Pavel Sinecký 
520 |a Štandardne a neštandardne poškodené obeživo - vysvetlenie pojmov. Postup pri výmene poškodených bankoviek podľa Českej národnej banky (ČNB). Novo vydaný zákon o ČNB č. 136/2011 Sb. a vyhláška ČNB č. 274/2011 Sb. o poskytnutí náhrady za poškodené obeživo. 
610 2 0 |a Česko 
610 2 0 |a obeživo 
610 2 0 |a obeh peňažný 
610 2 0 |a politika menová 
610 2 0 |a zásoba peňažná 
610 2 0 |a náhrada škody 
610 2 0 |a výmena peňazí 
610 2 0 |a zákony 
610 2 0 |a vyhlášky 
100 1 |a Sinecký, Pavel